| 000 | 00709nam a2200205 i 4500 | ||
|---|---|---|---|
| 001 | 14123 | ||
| 003 | ES-MaACL | ||
| 005 | 20240125164726.0 | ||
| 007 | t| | ||
| 008 | 981006s1989 xxu ||||1| eng d | ||
| 020 | _a0-226-85260-1 | ||
| 080 | _a1 Kant, Immanuel | ||
| 100 | 1 |
_aVelkley, Richard L. _9113848 |
|
| 245 | 1 | 0 |
_aFreedom and the end of reason _b: on the moral foundation of Kant's critical philosophy / _cRichard L. Velkley. |
| 260 |
_aChicago & London : _bThe University of Chicago Press, _c[1989] |
||
| 300 |
_aXXI, 222 p. ; _c24 cm. |
||
| 600 | 1 | 4 |
_aKant, Immanuel, _d1724-1804- _xCrÃtica e interpretación _967497 |
| 852 |
_aES-MaACL _jL-21484 _bR.119020 |
||
| 999 |
_c14123 _d14123 |
||